Imiona polskich polityczek i polityków - Statystyki

Ogólne statystyki
  • Ten quiz został rozwiązany 238 razy
  • Średni wynik to 12 z 15
Statystyki odpowiedzi
Imię Nazwisko % Poprawnych
Donald Tusk
96%
Jarosław Kaczyński
95%
Szymon Hołownia
91%
Robert Biedroń
90%
Janusz Korwin-Mikke
89%
Paweł Kukiz
89%
Rafał Trzaskowski
88%
Zbigniew Ziobro
81%
Przemysław Czarnek
78%
Borys Budka
76%
Władysław Kosiniak-Kamysz
75%
Jarosław Gowin
71%
Włodzimierz Czarzasty
67%
Elżbieta Witek
66%
Ryszard Terlecki
52%
Nie znaleziono quizów pasujących do podanych kryteriów
Rozkład punktacji
Procent ludzi z każdym wynikiem
Percentyl według liczby udzielonych odpowiedzi
Twoja historia wyników
Nie rozwiązałeś tego quizu